| 000 | 02367cam a22003494a 4500 | ||
|---|---|---|---|
| 005 | 20020821080931.0 | ||
| 010 | _aENG-95652 B-425024-028 | ||
| 020 |
_a9788120337947 _c325.00 |
||
| 035 | _aEN-79185 | ||
| 035 | _aB-425024-028 | ||
| 037 | _aDBAD/PUB | ||
| 037 | _aResearchco Book Centre | ||
| 082 |
_a658.51 _221 |
||
| 100 |
_aAalst, Wil van der. _932183 |
||
| 245 |
_aWorkflow management : _bmodels, methods, and systems / _cWil van der Aalst and Kees van Hee. |
||
| 260 |
_aNew Delhi: _bPHI Learning P.Ltd _c2009 |
||
| 300 |
_axvi, 368 p. : _bill. ; _c24 cm. |
||
| 500 | _aIncludes bibliographical references and index. | ||
| 650 |
_aManagement information systems. _932184 |
||
| 650 |
_aProduction management. _932185 |
||
| 650 |
_aWorkflow. _932186 |
||
| 700 |
_aHee, Kees Max van, _d1946- _932012 |
||
| 942 |
_2ddc _cEN _h658.51 _mAAL |
||
| 999 |
_c33099 _d33099 |
||